Popular Movies by Poster VII - Statistics

General Stats
  • This quiz has been taken 1,500 times
  • The average score is 11 of 16
Answer Stats
Picture Answer % Correct
Avatar
99%
The Hunger Games
95%
Ratatouille
93%
La La Land
90%
Batman vs Superman: Dawn of Justice
81%
Life of Pi
78%
The Great Gatsby
75%
Magic Mike
69%
Cast Away
66%
Divergent
60%
Independence Day
53%
Tropic Thunder
47%
Spaceballs
42%
The Passion of the Christ
41%
Pearl Harbor
40%
District 9
27%
No matching quizzes found
Score Distribution
Percent of People with Each Score
Percentile by Number Answered
Your Score History
You have not taken this quiz